[Event "Sachsen-Anhalt Landesliga-A 1920"]
[Site "Sachsen Anhalt"]
[Date "2020.03.01"]
[Round "7.3"]
[White "Gismann, Juergen"]
[Black "Jungnickel, Andre"]
[Result "1/2-1/2"]
[WhiteElo "1572"]
[BlackElo "1562"]
[PlyCount "32"]
[EventDate "2019.09.29"]
[EventType "team-tourn"]
[EventRounds "9"]
[EventCountry "GER"]
[SourceTitle "EXT 2023"]
[Source "ChessBase"]
[SourceDate "2022.10.05"]
[SourceVersion "1"]
[SourceVersionDate "2022.10.05"]
[SourceQuality "1"]
[WhiteTeam "Magdeburg USC II"]
[BlackTeam "Tangerhuette Eintracht"]
[WhiteTeamCountry "GER"]
[BlackTeamCountry "GER"]

1. e4 c5 2. c3 e6 3. Nf3 d5 4. exd5 exd5 5. d4 Nc6 6. h3 Nf6 7. Bb5 a6 8. Bxc6+ bxc6 9. 0-0 Be7 10. dxc5 Bxc5 11. Re1+ Be7 12. Qe2 h6 13. Nd4 Bd7 14. Nb3 Be6 15. Nd4 Bd7 16. Nb3 Be6 1/2-1/2

[Event "Sachsen-Anhalt Landesliga A 18/19"]
[Site "Sachsen Anhalt"]
[Date "2019.02.24"]
[Round "7.8"]
[White "Khanbekyan, Mikayel"]
[Black "Gismann, Juergen"]
[Result "0-1"]
[WhiteElo "1600"]
[BlackElo "1734"]
[PlyCount "100"]
[EventDate "2018.09.23"]
[EventType "team-tourn"]
[EventRounds "9"]
[EventCountry "GER"]
[SourceTitle "EXT 2022"]
[Source "ChessBase"]
[SourceDate "2021.10.06"]
[SourceVersion "1"]
[SourceVersionDate "2021.10.06"]
[SourceQuality "1"]
[WhiteTeam "Magdeburg Aufbau Elbe IV"]
[BlackTeam "Magdeburg USC II"]
[WhiteTeamCountry "GER"]
[BlackTeamCountry "GER"]

1. e4 d6 2. d4 g6 3. Nc3 Bg7 4. Be3 Nf6 5. h3 Nc6 6. f4 Nh5 7. Nge2 e5 8. fxe5 dxe5 9. dxe5 Qxd1+ 10. Rxd1 Bxe5 11. Nd5 0-0 12. g4 Ng3 13. Nxg3 Bxg3+ 14. Kd2 Be6 15. Kc1 Bd6 16. a3 a6 17. Bc4 Be5 18. Rhf1 Kg7 19. Bf4 Bxf4+ 20. Rxf4 Rac8 21. Rf2 Na5 22. Bf1 c5 23. Nf4 Rce8 24. Nxe6+ Rxe6 25. Bg2 Nc4 26. Rd7 b6 27. Re2 Ne5 28. Rd5 c4 29. Re1 Rc8 30. Red1 b5 31. Rd6 Rc6 32. Rxe6 Rxe6 33. Rd5 g5 34. Kd2 f6 35. Kc3 Kg6 36. Kd4 h5 37. gxh5+ Kxh5 38. Ke3 Ng6 39. Bf3+ Kh4 40. Bg4 Rb6 41. Rd8 Kg3 42. Bf5 Nh4 43. Bg4 Ng2+ 44. Ke2 Nf4+ 45. Ke3 a5 46. Rh8 a4 47. Rh6 b4 48. e5 c3 49. bxc3 bxa3 50. Rxf6 Nd5+ 0-1

[Event "Sachsen-Anhalt-ch Seniors 23rd"]
[Site "Halberstadt"]
[Date "2015.06.03"]
[Round "4"]
[White "Gismann, Juergen"]
[Black "Rudolph, Dieter"]
[Result "1/2-1/2"]
[WhiteElo "1559"]
[BlackElo "1679"]
[PlyCount "47"]
[EventDate "2015.05.31"]
[EventType "swiss"]
[EventRounds "7"]
[EventCountry "GER"]
[SourceTitle "EXT 2018"]
[Source "ChessBase"]
[SourceDate "2017.10.13"]
[SourceVersion "1"]
[SourceVersionDate "2017.10.13"]
[SourceQuality "1"]

1. e4 c6 2. c4 d5 3. exd5 cxd5 4. cxd5 Nf6 5. Nc3 a6 6. Bc4 Nbd7 7. Nf3 g6 8. d4 Nb6 9. Bb3 Bg7 10. 0-0 0-0 11. h3 Nfxd5 12. Nxd5 Nxd5 13. Re1 e6 14. Ne5 b5 15. Nc6 Qd6 16. Bxd5 exd5 17. Ne7+ Kh8 18. Nxc8 Raxc8 19. a3 Rfe8 20. Rxe8+ Rxe8 21. Be3 Rc8 22. Rc1 Qd7 23. Rc2 Qf5 24. Rc1 1/2-1/2

[Event "Sachsen-Anhalt-ch Seniors 22nd"]
[Site "Halberstadt"]
[Date "2014.05.31"]
[Round "7"]
[White "Kluger, Hans Peter"]
[Black "Gismann, Juergen"]
[Result "1-0"]
[WhiteElo "1777"]
[BlackElo "1475"]
[PlyCount "69"]
[EventDate "2014.05.25"]
[EventType "swiss"]
[EventRounds "7"]
[EventCountry "GER"]
[SourceTitle "EXT 2018"]
[Source "ChessBase"]
[SourceDate "2017.10.13"]
[SourceVersion "1"]
[SourceVersionDate "2017.10.13"]
[SourceQuality "1"]

1. d4 Nf6 2. c4 g6 3. Nc3 Bg7 4. g3 d6 5. Bg2 0-0 6. Nf3 Nbd7 7. 0-0 a6 8. Qb3 Rb8 9. h3 Nh5 10. Bg5 h6 11. Be3 c5 12. Rad1 Qc7 13. Nd5 Qd8 14. dxc5 e6 15. Nc3 dxc5 16. Rd6 Qe7 17. Rfd1 Nhf6 18. Ne1 Ne8 19. R6d2 b6 20. Ne4 Nef6 21. Nd6 Rd8 22. Bc6 Qf8 23. Nxc8 Rbxc8 24. Bxd7 Nxd7 25. Rxd7 Rxd7 26. Rxd7 Rb8 27. Nf3 Qc8 28. Qd3 Qe8 29. b3 e5 30. Qd5 g5 31. g4 a5 32. h4 e4 33. Nd2 gxh4 34. Nxe4 Be5 35. Bf4 1-0

[Event "Sachsen-Anhalt-ch Seniors 22nd"]
[Site "Halberstadt"]
[Date "2014.05.30"]
[Round "6"]
[White "Gismann, Juergen"]
[Black "Gottschalk, Juergen"]
[Result "1-0"]
[WhiteElo "1475"]
[BlackElo "1353"]
[PlyCount "69"]
[EventDate "2014.05.25"]
[EventType "swiss"]
[EventRounds "7"]
[EventCountry "GER"]
[SourceTitle "EXT 2018"]
[Source "ChessBase"]
[SourceDate "2017.10.13"]
[SourceVersion "1"]
[SourceVersionDate "2017.10.13"]
[SourceQuality "1"]

1. e4 e5 2. f4 Bc5 3. Nf3 Nc6 4. fxe5 d5 5. exd5 Qxd5 6. Nc3 Qd8 7. Bb5 a6 8. Bxc6+ bxc6 9. d4 Ba7 10. Be3 Ne7 11. 0-0 Be6 12. Kh1 0-0 13. Ne2 h6 14. c3 Nf5 15. Bf2 Ne7 16. Nf4 Bg4 17. h3 Bc8 18. Nh5 Be6 19. Bh4 Re8 20. Qe1 Kh7 21. Bxe7 Rxe7 22. Qe4+ Kh8 23. Qxc6 Qc8 24. Ng1 Rb8 25. Rf2 Rb6 26. Qf3 Qd8 27. Qg3 Qf8 28. Nf4 Bf5 29. Nd5 Rg6 30. Qh4 Rd7 31. Rxf5 Rxd5 32. Raf1 Rd7 33. Qf2 f6 34. exf6 gxf6 35. Rxf6 1-0

[Event "Sachsen-Anhalt-ch Seniors 20th"]
[Site "Naumburg"]
[Date "2012.06.07"]
[Round "5"]
[White "Dietze, Otto"]
[Black "Gismann, Juergen"]
[Result "1/2-1/2"]
[WhiteElo "1387"]
[BlackElo "1554"]
[PlyCount "52"]
[EventDate "2012.06.03"]
[EventType "swiss"]
[EventRounds "7"]
[EventCountry "GER"]
[SourceTitle "EXT 2013"]
[Source "ChessBase"]
[SourceDate "2012.11.22"]
[SourceVersion "1"]
[SourceVersionDate "2012.11.22"]
[SourceQuality "1"]

1. e4 e6 2. d4 d5 3. Nd2 dxe4 4. Nxe4 Nd7 5. Bd3 Ngf6 6. Nf3 Be7 7. 0-0 Nxe4 8. Bxe4 0-0 9. c3 Nf6 10. Bd3 c5 11. Qc2 h6 12. Rd1 Qc7 13. Be3 Ng4 14. Bd2 cxd4 15. h3 Ne5 16. Nxe5 Qxe5 17. cxd4 Qd6 18. Bc3 Bf6 19. Rab1 Kh8 20. a3 Qb6 21. Be4 Bd7 22. d5 exd5 23. Bxd5 Qc7 24. Bf3 Rac8 25. Qe2 Bxc3 26. bxc3 Bc6 1/2-1/2

[Event "Sachsen-Anhalt-ch Seniors 18th"]
[Site "Osterburg"]
[Date "2010.06.11"]
[Round "7"]
[White "Gismann, Juergen"]
[Black "Liebscher, Helmar"]
[Result "0-1"]
[WhiteElo "1848"]
[BlackElo "2102"]
[PlyCount "94"]
[EventDate "2010.06.06"]
[EventType "swiss"]
[EventRounds "7"]
[EventCountry "GER"]
[SourceTitle "EXT 2013"]
[Source "ChessBase"]
[SourceDate "2012.11.22"]
[SourceVersion "1"]
[SourceVersionDate "2012.11.22"]
[SourceQuality "1"]

1. e4 e5 2. f4 exf4 3. Nf3 d5 4. e5 Bg4 5. d4 Bxf3 6. Qxf3 Qh4+ 7. Kd1 Nc6 8. Bb5 0-0-0 9. Bxc6 bxc6 10. Bxf4 f5 11. c3 Be7 12. Kc2 g5 13. g3 Qh3 14. Bd2 Nh6 15. Qd3 Qg2 16. Qa6+ Kd7 17. e6+ Kxe6 18. Qxc6+ Bd6 19. Na3 Qe4+ 20. Kb3 Rb8+ 21. Ka4 Rb6 22. Qxb6 axb6 23. Rae1 Ra8+ 24. Kb3 Bxa3 25. bxa3 Nf7 26. Rhf1 h6 27. Rxe4+ fxe4 28. Bc1 Nd6 29. h4 Nc4 30. a4 Rg8 31. hxg5 hxg5 32. Rh1 Kf5 33. Rh7 c6 34. Rc7 Rg6 35. Kc2 Kg4 36. Rf7 Kxg3 37. Kd1 g4 38. Ke2 Kg2 39. Be3 g3 40. Rh7 Nxe3 41. Kxe3 Rf6 42. Rb7 Kh1 43. Ke2 g2 44. Rh7+ Kg1 45. Rb7 Rh6 46. Rg7 Kh1 47. Kf2 Rh2 0-1

[Event "GER-ch Seniors Gp-B 19th"]
[Site "Templin"]
[Date "2007.08.30"]
[Round "8"]
[White "Meinhardt, Guenther"]
[Black "Gismann, Juergen"]
[Result "1-0"]
[WhiteElo "1710"]
[BlackElo "1626"]
[PlyCount "105"]
[EventDate "2007.08.23"]
[EventType "swiss"]
[EventRounds "9"]
[EventCountry "GER"]
[SourceTitle "EXT 2022"]
[Source "ChessBase"]
[SourceDate "2021.10.06"]
[SourceVersion "1"]
[SourceVersionDate "2021.10.06"]
[SourceQuality "1"]

1. d4 e6 2. Nf3 f5 3. c4 Nf6 4. Qc2 g6 5. Nc3 Bg7 6. e4 fxe4 7. Nxe4 Nxe4 8. Qxe4 0-0 9. Bg5 Qe8 10. 0-0-0 d6 11. h4 Qf7 12. Bd3 d5 13. Qe3 Nc6 14. h5 gxh5 15. Rh4 e5 16. dxe5 Bg4 17. e6 Qe8 18. cxd5 Ne7 19. Rdh1 Ng6 20. R4h2 Qa4 21. Kb1 Qb4 22. Qd2 Qd6 23. Bc2 a5 24. Ne1 a4 25. f3 Bf5 26. Rxh5 a3 27. Rxh7 Bxb2 28. Bxf5 Rxf5 29. R7h6 Kg7 30. Rh7+ Kg8 31. Rd7 Qb6 32. Kc2 Ra4 33. Rd8+ Rf8 34. Rxf8+ Kxf8 35. Be3 Rc4+ 36. Kd1 Bd4 37. Qd3 Ne5 38. Qf5+ Ke7 39. Rh7+ Kd6 40. Bf4 Qb2 41. Rd7+ Kc5 42. Bd2 Qa1+ 43. Ke2 Nxd7 44. exd7 Bf6 45. Nd3+ Kb6 46. Be3+ Ka6 47. d8Q Bxd8 48. Nc5+ Ka7 49. Qc8 Rc2+ 50. Kd3 Qc3+ 51. Ke4 Qb4+ 52. Ke5 Be7 53. Nd3+ 1-0

[Event "GER-ch Seniors Gp-B 19th"]
[Site "Templin"]
[Date "2007.08.29"]
[Round "7"]
[White "Gismann, Juergen"]
[Black "Hofmann, Werner"]
[Result "1-0"]
[WhiteElo "1626"]
[BlackElo "1582"]
[PlyCount "37"]
[EventDate "2007.08.23"]
[EventType "swiss"]
[EventRounds "9"]
[EventCountry "GER"]
[SourceTitle "EXT 2022"]
[Source "ChessBase"]
[SourceDate "2021.10.06"]
[SourceVersion "1"]
[SourceVersionDate "2021.10.06"]
[SourceQuality "1"]

1. e4 e5 2. f4 exf4 3. Nf3 Bc5 4. d4 Bb6 5. Bc4 c6 6. Bxf4 Ne7 7. Bd6 Bc7 8. Ng5 Bxd6 9. Nxf7 Qa5+ 10. c3 Rf8 11. Nxd6+ Kd8 12. Qg4 Ng6 13. Nd2 Rf6 14. e5 Rf8 15. Rf1 Rxf1+ 16. Kxf1 c5 17. Qg5+ Kc7 18. Ne8+ Kc6 19. d5+ 1-0

[Event "GER-ch Seniors Gp-B 19th"]
[Site "Templin"]
[Date "2007.08.27"]
[Round "5"]
[White "Gismann, Juergen"]
[Black "Bulano, Alexander"]
[Result "1-0"]
[WhiteElo "1626"]
[BlackElo "1577"]
[PlyCount "99"]
[EventDate "2007.08.23"]
[EventType "swiss"]
[EventRounds "9"]
[EventCountry "GER"]
[SourceTitle "EXT 2022"]
[Source "ChessBase"]
[SourceDate "2021.10.06"]
[SourceVersion "1"]
[SourceVersionDate "2021.10.06"]
[SourceQuality "1"]

1. e4 Nf6 2. e5 Nd5 3. c4 Nb6 4. d4 d6 5. exd6 cxd6 6. d5 g6 7. Nc3 Bg7 8. Bd2 Na6 9. a3 Bf5 10. h3 Qc8 11. Be2 0-0 12. b3 Nc5 13. Nf3 Bd3 14. Ra2 Bxe2 15. Nxe2 Nd3+ 16. Kf1 Nd7 17. Be3 N7e5 18. Nxe5 Nxe5 19. Rc2 b6 20. Kg1 h5 21. Kh2 Qd7 22. Qd2 Qf5 23. Rd1 Qc8 24. Bd4 Qc7 25. f4 Nd7 26. Bxg7 Kxg7 27. f5 Ne5 28. Ng3 Qd7 29. Rf1 f6 30. fxg6 Nxg6 31. Nf5+ Kf7 32. Qh6 Rg8 33. Qh7+ Kf8 34. Re2 Ne5 35. Qh6+ Ke8 36. Qh7 Rf8 37. Ng7+ Kd8 38. Ne6+ Kc8 39. Nxf8 Qe8 40. Ne6 Kd7 41. Qf5 Qh8 42. Rxe5 dxe5 43. Nc5+ Kd6 44. Ne4+ Kc7 45. Qe6 Re8 46. Nc3 Qg8 47. Nb5+ Kd8 48. Qc6 Rf8 49. Nxa7 e6 50. dxe6 1-0

[Event "GER-ch Seniors Gp-B 18th"]
[Site "Dresden"]
[Date "2006.07.22"]
[Round "1"]
[White "Jaeger, Willy"]
[Black "Gismann, Juergen"]
[Result "1/2-1/2"]
[WhiteElo "1433"]
[BlackElo "1662"]
[PlyCount "35"]
[EventDate "2006.07.22"]
[EventType "swiss"]
[EventRounds "9"]
[EventCountry "GER"]
[SourceTitle "EXT 2022"]
[Source "ChessBase"]
[SourceDate "2021.10.06"]
[SourceVersion "1"]
[SourceVersionDate "2021.10.06"]
[SourceQuality "1"]

1. e4 e6 2. d4 d5 3. exd5 exd5 4. Nf3 Nf6 5. h3 Be7 6. Be3 Bf5 7. Bd3 Bxd3 8. Qxd3 Ne4 9. 0-0 0-0 10. Nbd2 f5 11. Bf4 Bd6 12. Ne5 Nd7 13. Ndf3 Ndf6 14. Bh2 c6 15. Nd2 Qc7 16. f4 Nxd2 17. Qxd2 Rae8 18. Rae1 1/2-1/2

[Event "Sachsen-Anhalt-ch Seniors 14th"]
[Site "Osterburg"]
[Date "2006.06.15"]
[Round "6"]
[White "Granitzki, Werner"]
[Black "Gismann, Juergen"]
[Result "1/2-1/2"]
[WhiteElo "1758"]
[BlackElo "1671"]
[PlyCount "88"]
[EventDate "2006.06.10"]
[EventType "swiss"]
[EventRounds "7"]
[EventCountry "GER"]
[SourceTitle "EXT 2007"]
[Source "ChessBase"]
[SourceDate "2006.11.23"]
[SourceVersion "1"]
[SourceVersionDate "2006.11.23"]
[SourceQuality "1"]

1. d4 Nf6 2. f4 g6 3. Nf3 Bg7 4. e3 0-0 5. Be2 c5 6. c3 cxd4 7. exd4 d6 8. 0-0 Nbd7 9. Nbd2 Nd5 10. Nb3 f5 11. Ng5 N7f6 12. Bf3 h6 13. Nh3 Rb8 14. Qe2 Re8 15. Bd2 Kh8 16. Rae1 b6 17. Nf2 Nc7 18. Nc1 Bb7 19. Bxb7 Rxb7 20. g4 e6 21. h3 Re7 22. Qf3 Nce8 23. Re2 d5 24. Ncd3 Nd6 25. Ne5 Qe8 26. Rfe1 Nfe4 27. Nxe4 Nxe4 28. Qg2 Kh7 29. Bc1 Rbc7 30. Kh2 Bxe5 31. fxe5 Rg7 32. Qf3 Rcf7 33. Rg1 Qe7 34. Reg2 fxg4 35. Qxg4 h5 36. Qe2 Qh4 37. Be3 Qe7 38. c4 Rf5 39. cxd5 exd5 40. Qb5 Qe6 41. Qb4 Rf3 42. Rg3 Rxg3 43. Rxg3 Nxg3 44. Kxg3 Rc7 1/2-1/2

[Event "Sachsen-Anhalt-ch Seniors 14th"]
[Site "Osterburg"]
[Date "2006.06.11"]
[Round "2"]
[White "Hobusch, Werner"]
[Black "Gismann, Juergen"]
[Result "1-0"]
[WhiteElo "1997"]
[BlackElo "1671"]
[PlyCount "75"]
[EventDate "2006.06.10"]
[EventType "swiss"]
[EventRounds "7"]
[EventCountry "GER"]
[SourceTitle "EXT 2007"]
[Source "ChessBase"]
[SourceDate "2006.11.23"]
[SourceVersion "1"]
[SourceVersionDate "2006.11.23"]
[SourceQuality "1"]

1. e4 e6 2. d4 d5 3. Nc3 Nf6 4. Bg5 Be7 5. e5 Nfd7 6. Bxe7 Qxe7 7. f4 a6 8. Nf3 b6 9. Qd2 Bb7 10. Nd1 c5 11. c3 Nc6 12. Be2 h6 13. 0-0 0-0 14. Rc1 c4 15. Nf2 b5 16. Bd1 f5 17. Kh1 Qf7 18. Rg1 Kh8 19. Nh3 Rg8 20. Qf2 Qe7 21. Bc2 g6 22. g4 Raf8 23. gxf5 gxf5 24. Nh4 Kh7 25. Rcf1 Rxg1+ 26. Rxg1 Rf7 27. Ng6 Qd8 28. Qf3 Rg7 29. Qh5 Nf8 30. Nxf8+ Qxf8 31. Ng5+ Kg8 32. Qxh6 Nd8 33. Rg3 Bc8 34. Rh3 Nf7 35. Qh5 Nxg5 36. fxg5 Qe7 37. Qh8+ Kf7 38. g6+ 1-0